| 000 | 00609cam a22002291 4500 | ||
|---|---|---|---|
| 001 | sa 67000761 | ||
| 003 | DLC | ||
| 005 | 20260227112317.0 | ||
| 008 | 740123s1966 ii c b 000 0 eng | ||
| 010 | _asa 67000761 //r92 | ||
| 025 | _aPL480:I-E-7160 | ||
| 040 |
_aDLC _cDLC _dDLC |
||
| 050 | 0 | 0 |
_aBL1210 _b.N29 |
| 082 | 0 | 0 | _a294.5 |
| 100 | 1 | 0 |
_aNarang, Gokul Chand, _cSir, _d1878-1969. |
| 245 | 1 | 0 | _aGlorious Hinduism. |
| 250 | _a[1st ed.] | ||
| 260 | 0 |
_aNew Delhi, _bNew Book Society of India _c[1966] |
|
| 300 |
_a160 p. _bport. _c22 cm. |
||
| 504 | _aBibliographical footnotes. | ||
| 650 | 0 | _aHinduism. | |
| 999 |
_c72193 _d72193 |
||